[Event "Box da Darquinha"]
[Site "http://www.queenalice.com/game.php?id=1379709"]
[Date "2015.8.26"]
[Round "-"]
[White "JVD"]
[Black "ALTODOMATEUS1"]
[Result "1-0"]
[WhiteElo "1673"]
[BlackElo "1701"]

1. d4 d5 2. c4 Nf6 3. cxd5 Nxd5 4. Nf3 e6 5. a3 Nc6 6. g3 Bd6 7. Bg2 O-O 8. O-O
f5 9. e3 Nce7 10. b4 c6 11. Bb2 a5 12. bxa5 b6 13. axb6 Qxb6 14. Qc2 Rb8 15. Bc3
Ba6 16. Rc1 Nf6 17. Nbd2 Bb7 18. Rcb1 Qc7 19. Nc4 Ne4 20. Nxd6 1-0

[Event "Varejão do Preço"]
[Site "http://www.queenalice.com/game.php?id=1379710"]
[Date "2015.8.26"]
[Round "-"]
[White "ALTODOMATEUS1"]
[Black "JVD"]
[Result "0-1"]
[WhiteElo "1645"]
[BlackElo "1709"]

1. Nf3 c5 2. d4 cxd4 3. Nxd4 d5 4. Nc3 a6 5. e3 Nf6 6. Bd3 g6 7. O-O Bg7 8. f4
O-O 9. f5 Nc6 10. Nce2 Ne5 11. fxg6 fxg6 12. Nf4 Qd6 13. Nfe6 Bxe6 14. Be2 b5
15. Bd2 Rac8 16. a3 Nc4 17. Bxc4 Rxc4 18. Bb4 Qd7 19. Qe2 Bg4 20. Qd2 Rfc8 21.
c3 Ne4 0-1

[Event "Mercadinho Verdinho"]
[Site "http://www.queenalice.com/game.php?id=1379711"]
[Date "2015.8.27"]
[Round "-"]
[White "Bategoll"]
[Black "ALTODOMATEUS1"]
[Result "1-0"]
[WhiteElo "1895"]
[BlackElo "1714"]

1. d4 d5 2. Nf3 Nc6 3. e3 Bg4 4. Be2 Nf6 5. Nc3 e6 6. Bd2 Bb4 7. a3 Bxc3 8. Bxc3
Bxf3 9. Bxf3 O-O 10. O-O Ne4 11. Bxe4 dxe4 12. Bd2 f5 13. c4 Qf6 14. c5 e5 15.
d5 Ne7 16. Bb4 f4 17. exf4 exf4 18. d6 Nc6 19. Bc3 Qxc3 20. bxc3 Nb4 21. axb4 f3
22. Qd5+ Kh8 23. Qxe4 Rae8 24. Qxe8 Rxe8 25. d7 1-0

[Event "Central das Bicicletas"]
[Site "http://www.queenalice.com/game.php?id=1379839"]
[Date "2015.8.26"]
[Round "-"]
[White "ALTODOMATEUS1"]
[Black "Ettlas"]
[Result "0-1"]
[WhiteElo "1829"]
[BlackElo "1389"]

1. e4 e5 2. f4 exf4 3. Nf3 g5 4. Bc4 g4 5. Nc3 Bc5 6. Ne5 Qh4+ 7. Ke2 f3+ 8.
gxf3 Qf2+ 9. Kd3 Nc6 10. Nxc6 dxc6 11. Qe1 Qxf3+ 12. Qe3 Bxe3 0-1

[Event "Depósito Alvorada"]
[Site "http://www.queenalice.com/game.php?id=1379843"]
[Date "2015.8.27"]
[Round "-"]
[White "ALTODOMATEUS1"]
[Black "Bategoll"]
[Result "1-0"]
[WhiteElo "1801"]
[BlackElo "1834"]

1. e4 e5 2. Nf3 d6 3. Bc4 Be7 4. O-O f5 5. Bxg8 Rxg8 6. d3 f4 7. Nc3 c6 8. d4
Bg4 9. dxe5 Bxf3 10. Qxf3 dxe5 11. Qh5+ Kf8 12. Qxe5 Bf6 13. Qxf4 Ke8 14. e5 Be7
15. e6 Na6 16. Qf7# 1-0

[Event "Abatedouro São Francisco"]
[Site "http://www.queenalice.com/game.php?id=1379844"]
[Date "2015.8.27"]
[Round "-"]
[White "ALTODOMATEUS1"]
[Black "Bategoll"]
[Result "0-1"]
[WhiteElo "1752"]
[BlackElo "1863"]

1. e4 e5 2. f4 exf4 3. Nf3 g5 4. Bc4 Nc6 5. O-O d6 6. Nc3 Be6 7. Bxe6 fxe6 8. d4
Qd7 9. Nxg5 h5 10. Rxf4 O-O-O 11. Nf7 Bh6 12. Nxh8 Bxf4 13. Bxf4 Nf6 14. Ng6 Rg8
15. Nh4 Qg7 16. g3 Ng4 17. d5 e5 18. Nf5 Qh7 19. Ne2 exf4 20. Nxf4 Nce5 21. Nxh5
Kb8 22. Qxg4 Nxg4 23. h3 Qxh5 24. hxg4 Qxg4 25. Kg2 Qxe4+ 0-1

[Event "Abatedouro NSª Aparecida"]
[Site "http://www.queenalice.com/game.php?id=1379845"]
[Date "2015.8.27"]
[Round "-"]
[White "Bategoll"]
[Black "ALTODOMATEUS1"]
[Result "1-0"]
[WhiteElo "1885"]
[BlackElo "1725"]

1. e4 e5 2. Nf3 Nc6 3. Bb5 d6 4. Nc3 Bd7 5. d3 Nf6 6. Qe2 Be7 7. Bd2 O-O 8. O-O
Nd4 9. Nxd4 exd4 10. Bxd7 dxc3 11. e5 Nxd7 12. exd6 cxd6 13. Bxc3 f5 14. Qf3 Rb8
15. Rfe1 Bf6 16. Qd5+ Kh8 17. Qxd6 Bxc3 18. bxc3 Nb6 19. Qxd8 Rbxd8 20. d4 Rxd4
21. cxd4 Nc4 22. c3 b5 23. h3 h6 24. a4 a6 25. axb5 axb5 26. Ra7 1-0

[Event "Restaurante do Fernando"]
[Site "http://www.queenalice.com/game.php?id=1379848"]
[Date "2015.8.26"]
[Round "-"]
[White "ALTODOMATEUS1"]
[Black "charles31"]
[Result "0-1"]
[WhiteElo "1701"]
[BlackElo "1734"]

1. e4 e5 2. Nf3 d6 3. Bc4 h6 4. O-O a6 5. d4 exd4 6. Nxd4 Bd7 7. Qf3 Nf6 8. Qb3
b5 9. Bxf7+ Ke7 10. Nf5+ Bxf5 11. exf5 d5 12. Bg6 c5 13. Re1+ Kd6 14. Bf4+ Kc6
15. Re6+ Kb7 16. Qg3 Nc6 17. Nc3 Ne4 18. Nxe4 dxe4 19. Be8 Nd4 20. Qg6 Ne2+ 21.
Kf1 Nxf4 22. Qf7+ Kb8 23. Bc6 Ra7 24. Re8 Rxf7 25. Rxd8+ Kc7 26. Ra8 Kxc6 27.
Rd1 Rxf5 28. Rxa6+ Kb7 29. Ra3 b4 0-1

[Event "Gera Bar"]
[Site "http://www.queenalice.com/game.php?id=1380016"]
[Date "2015.8.28"]
[Round "-"]
[White "ALTODOMATEUS1"]
[Black "Ruusgugg"]
[Result "0-1"]
[WhiteElo "1502"]
[BlackElo "1378"]

1. d4 f5 2. Nc3 Nf6 3. e4 fxe4 4. Bg5 Ng4 5. Qxg4 d5 6. Qe2 h5 7. O-O-O Bg4 8.
f3 Bf5 9. fxe4 Bg4 10. Nf3 Qd6 11. Nxd5 c6 0-1

[Event "Priscyllas Bijouterias"]
[Site "http://www.queenalice.com/game.php?id=1380017"]
[Date "2015.8.28"]
[Round "-"]
[White "Bategoll"]
[Black "ALTODOMATEUS1"]
[Result "1-0"]
[WhiteElo "1850"]
[BlackElo "1787"]

1. d4 d5 2. Nf3 Nc6 3. Nc3 Nf6 4. Bg5 e6 5. e3 Be7 6. Bd3 O-O 7. O-O Ne8 8. Bxe7
Qxe7 9. Re1 f5 10. Ne5 Nxe5 11. dxe5 f4 12. exf4 Qh4 13. Qf3 Qxf4 14. Qh3 h6 15.
Re3 d4 16. Rf3 Qd2 17. Rxf8+ Kxf8 18. Qf3+ Kg8 19. Rd1 Qg5 20. Ne4 Qg3 21. fxg3
Nd6 22. Nxd6 c6 23. Qf7+ Kh8 24. Qf8# 1-0

[Event "Salão H"]
[Site "http://www.queenalice.com/game.php?id=1380018"]
[Date "2015.8.28"]
[Round "-"]
[White "ALTODOMATEUS1"]
[Black "Bategoll"]
[Result "1/2-1/2"]
[WhiteElo "1627"]
[BlackElo "1861"]

1. d4 d5 2. Nc3 Bf5 3. Bf4 e6 4. Nf3 Nf6 5. e3 Nc6 6. Bb5 Be7 7. Ne5 O-O 8. Bxc6
bxc6 9. Nxc6 Qd7 10. Nxe7+ Qxe7 11. O-O Ne4 12. Nxe4 Bxe4 13. f3 1/2-1/2

[Event "Daniel Cabeleireiro"]
[Site "http://www.queenalice.com/game.php?id=1380019"]
[Date "2015.8.28"]
[Round "-"]
[White "Ruusgugg"]
[Black "ALTODOMATEUS1"]
[Result "1-0"]
[WhiteElo "1399"]
[BlackElo "1481"]

1. g4 d5 2. f3 e5 3. d4 Nc6 4. Nh3 Nxd4 5. c3 Nc6 6. e3 Be6 7. a3 Nge7 8. Ng5
Ng6 9. h4 d4 10. Nxe6 fxe6 11. h5 Nge7 12. Bc4 1-0

[Event "Mercadinho Prata"]
[Site "http://www.queenalice.com/game.php?id=1380021"]
[Date "2015.8.28"]
[Round "-"]
[White "ALTODOMATEUS1"]
[Black "Bategoll"]
[Result "0-1"]
[WhiteElo "1737"]
[BlackElo "1875"]

1. e4 e5 2. Nf3 Nc6 3. Bc4 Be7 4. Nc3 Nf6 5. d3 d6 6. Nd5 Be6 7. Bg5 a6 8. Bxf6
Bxf6 9. Nxf6+ Qxf6 10. Bxe6 Qxe6 11. O-O h6 12. c3 O-O 13. d4 exd4 14. Nxd4 Qxe4
15. Nxc6 bxc6 16. Re1 Qg6 17. Qf3 d5 18. Re7 Rac8 19. Rxc7 Rxc7 20. Qxd5 Re7 21.
Qxf7+ Kh7 22. Qb3 Rfe8 23. Rf1 Re1 24. h3 Rxf1+ 0-1

[Event "Salão do Leno"]
[Site "http://www.queenalice.com/game.php?id=1380022"]
[Date "2015.8.28"]
[Round "-"]
[White "Bategoll"]
[Black "ALTODOMATEUS1"]
[Result "0-1"]
[WhiteElo "1881"]
[BlackElo "1797"]

1. d4 d5 2. Nf3 Nc6 3. Nc3 Bg4 4. e3 Nf6 5. Be2 e6 6. Bd2 Bb4 7. a3 Bxc3 8. Bxc3
Bxf3 9. Bxf3 Ne4 10. Bxe4 dxe4 11. Qe2 O-O 12. O-O f5 13. Rab1 Qg5 14. f4 exf3
15. Rxf3 Qxe3+ 16. Kh1 Qxf3 0-1

[Event "Bar do Bolsista"]
[Site "http://www.queenalice.com/game.php?id=1380023"]
[Date "2015.8.28"]
[Round "-"]
[White "ALTODOMATEUS1"]
[Black "Bategoll"]
[Result "0-1"]
[WhiteElo "1805"]
[BlackElo "1866"]

1. Nf3 Nc6 2. d4 d5 3. Nc3 Bg4 4. e3 Nf6 5. Be2 e6 6. O-O Be7 7. Ne5 Bxe2 8.
Qxe2 Nxe5 9. dxe5 Nd7 10. f4 Nc5 11. Qg4 Qd7 12. Bd2 c6 13. f5 exf5 14. Qxg7
O-O-O 15. Qxf7 Rdf8 16. Qh5 Kb8 17. Rf2 Ne4 18. Qxh7 Rxh7 19. Rxf5 Qxf5 20. Nxd5
Bc5 21. Nf4 Qxf4 0-1

[Event "Pródazec"]
[Site "http://www.queenalice.com/game.php?id=1380025"]
[Date "2015.8.27"]
[Round "-"]
[White "dnptrs"]
[Black "ALTODOMATEUS1"]
[Result "1-0"]
[WhiteElo "2117"]
[BlackElo "1793"]

1. d4 d5 2. Nf3 Bg4 3. c4 Bxf3 4. exf3 Nf6 5. Nc3 e6 6. cxd5 Nxd5 7. Be2 Bb4 8.
Bd2 O-O 9. O-O Nd7 10. Nxd5 Bxd2 11. Nxc7 Bf4 12. Nxa8 Qxa8 13. g3 Bg5 14. d5 e5
15. Re1 f5 16. Bb5 Nb6 17. Rxe5 Qb8 18. f4 a6 19. Bf1 Nd7 20. Re1 Bf6 21. d6
Bxb2 22. Qb3+ 1-0

[Event "Mago's Bar"]
[Site "http://www.queenalice.com/game.php?id=1380026"]
[Date "2015.8.27"]
[Round "-"]
[White "ALTODOMATEUS1"]
[Black "dnptrs"]
[Result "0-1"]
[WhiteElo "1705"]
[BlackElo "2198"]

1. d4 Nf6 2. Nc3 d5 3. e3 e6 4. Nf3 Be7 5. Bd3 c5 6. dxc5 Bxc5 7. O-O O-O 8. Nd4
Nc6 9. Nb3 Be7 10. f4 a6 11. Bd2 b5 12. Nd4 Qb6 13. Nf3 b4 14. Ne2 Ne4 15. Be1
Qxe3+ 16. Kh1 Rd8 17. Ne5 Qb6 18. Ng3 Qc7 19. Qf3 Nxg3+ 20. Bxg3 g6 21. h4 Nd4
22. Qg4 h5 23. Qd1 Nf5 24. Bxf5 exf5 25. Rc1 Bb7 26. c3 bxc3 27. Rxc3 Qd6 28.
Bf2 Rdc8 29. Rb3 Bc6 30. Qc1 Bb5 31. Qd1 Bxf1 0-1

[Event "Val Lanches"]
[Site "http://www.queenalice.com/game.php?id=1380086"]
[Date "2015.8.30"]
[Round "-"]
[White "alfiere7"]
[Black "ALTODOMATEUS1"]
[Result "1-0"]
[WhiteElo "1668"]
[BlackElo "1628"]

1. e4 e5 2. Nf3 Nc6 3. Bb5 d6 4. d4 Bd7 5. Nc3 Nf6 6. O-O exd4 7. Nxd4 Be7 8.
Re1 O-O 9. Bg5 Ne8 10. Bxe7 Qxe7 11. Nf5 Bxf5 12. exf5 Qf6 13. Qd5 Ne5 14. Qxb7
Rd8 15. Bxe8 Rfxe8 16. Qxc7 Qxf5 17. Ne4 d5 18. Ng3 1-0

[Event "Escola Hermano Almeida"]
[Site "http://www.queenalice.com/game.php?id=1380090"]
[Date "2015.8.30"]
[Round "-"]
[White "dnptrs"]
[Black "ALTODOMATEUS1"]
[Result "1-0"]
[WhiteElo "2199"]
[BlackElo "1703"]

1. d4 d5 2. Nf3 Nf6 3. c4 e6 4. Nc3 Bb4 5. Qa4+ Nc6 6. Ne5 Bxc3+ 7. bxc3 Bd7 8.
Nxd7 Qxd7 9. e3 Ne4 10. Qa3 Qe7 11. Qb2 O-O 12. cxd5 exd5 13. Qxb7 Qf6 14. Qb2
Rab8 15. Qc2 Ne7 16. Bd3 Ng5 17. h4 Qh6 18. Rb1 Rxb1 19. Qxb1 Ng6 20. Bxg6 fxg6
21. e4 Qh5 22. Bxg5 Qg4 23. O-O 1-0

[Event "Seu Paulo da Cagepa"]
[Site "http://www.queenalice.com/game.php?id=1380095"]
[Date "2015.8.29"]
[Round "-"]
[White "ALTODOMATEUS1"]
[Black "bgbd1992"]
[Result "0-1"]
[WhiteElo "1686"]
[BlackElo "2286"]

1. d4 Nf6 2. Nc3 e6 3. Nf3 Bb4 4. Bd2 d5 5. e3 O-O 6. Bd3 Nbd7 7. O-O c5 8. dxc5
Nxc5 9. Nd4 a6 10. Nb3 Nxb3 11. axb3 Qc7 12. Ne2 Bd6 0-1